BIBLIOTHÈQUE DE LA MAISON DU MEXIQUE

Logo 1 Logo 2

La iglesia en la primera república federal mexicana (notice nᵒ 10452)

détails MARC
000 -Sello discográfico
campo de control de longitud fija 01120nam a2200337 4500
005 - Identificación de versión
campo de control 20251016083035.0
035 ## - Otros números de control del sistema
Número de control del sistema 10601
099 ## - fechas locales
Tipo de ítem Koha LIBRO
100 ## - Datos de procesamiento general
Datos de procesamiento general 20040108d1976 m y1spay5003 ba
101 1# - Idioma del recurso
Idioma del texto, banda sonora, etc. Español; Castellano
Idioma de la obra original Inglés
105 ## - Campo de datos codificados: Material textual, monográfico
Datos codificados de monografía y 001zy
200 1# - Título y mención de responsabilidad
Título propio La iglesia en la primera república federal mexicana
Designación general del material texto impreso
Otra información del título 1824-1835
Primer mención de responsabilidad Anne Staples
Declaración de responsabilidad subsiguiente traducción Andrés Lira
205 ## - Declaración de edición
Declaración de edición 1a ed
210 ## - Publicación, distribución, etc.
Lugar de publicación, distribución, etc. México
Nombre del editor, distribuidor, etc. Secretaría de Educación Pública
Fecha de publicación, distribución, etc. 1976
215 ## - Descripción física
Designación de material específico y extensión del ítem 167 p
Dimensiones 17 cm
345 ## - Nota de información de adquisición
Fuente de adquisición/dirección de la suscripción [OBSOLETO] Donación
410 #1 - Series
Título SepSetentas
Número de volumen 237
606 ## - Término temático usado como materia
Elemento de entrada Iglesia católica en México
Número Koha 100
606 ## - Término temático usado como materia
Elemento de entrada Iglesia y estado en México
Número Koha 1373
607 ## - Nombre geográfico utilizado como tema
Elemento de entrada México
Subdivisión temática Historia
Subdivisión cronológica Primeros gobiernos independientes, 1821-1861
Número Koha 1404
660 ## - Código de área geográfica
Código MX
700 ## - Nombre personal - Responsabilidad primaria
Elemento de entrada Staples Dean
Parte del nombre distinta del elemento de entrada Anne Folger
Fechas 1943-
Número Koha 165
702 ## - Nombre personal - Responsabilidad secundaria
Elemento de entrada Lira González
Parte del nombre distinta del elemento de entrada Andrés
Fechas 1941-
Número Koha 4061
801 #0 - Fuente de origen
Agencia cm
900 ## -
-- 1/5851
900 ## -
-- 7100417612\080104
942 ## - ELEMENTOS DE ENTRADA SECUNDARIOS (KOHA)
Tipo de ítem Koha Livre
996 ## -
-- MEX
-- 751145101
-- MMAG
-- 001899
-- 082 S479 V.237
-- 20200729LIV
Exemplaires
Estatus retirado Estado de daño Estado de pérdida Fecha de adquisición Biblioteca de origen Biblioteca actual Ubicación en estantería Código de barras Precio de reemplazo Signatura topográfica completa No para préstamo Tipo de ítem Koha Nota pública Nota no pública
      05/08/2025 Casa México Paris Casa México Paris   001899 05/08/2025 082 S479 V.237   Livre 20200729LIV 751145101